Economisti del Cinque e Seicento / (Record no. 183406)
[ view plain ]
| 000 -LEADER | |
|---|---|
| campo de control de longitud fija | 00975nam a2200229 i 4500 |
| 001 - NÚMERO DE CONTROL | |
| campo de control | 183406 |
| 003 - IDENTIFICADOR DE NÚMERO DE CONTROL | |
| campo de control | ES-MaACL |
| 005 - FECHA Y HORA DE LA ÚLTIMA TRANSACCIÓN | |
| campo de control | 20251009191915.0 |
| 008 - DATOS DE LONGITUD FIJA--INFORMACIÓN GENERAL | |
| campo de control de longitud fija | 140415s1913 it | |||| ||ita d |
| 245 00 - MENCIÓN DEL TÍTULO | |
| Título | Economisti del Cinque e Seicento / |
| Mención de responsabilidad, etc. | a cura de Augusto Graziani. |
| 260 ## - PUBLICACIÓN, DISTRIBUCIÓN, ETC. | |
| Lugar de publicación, distribución, etc. | Bari : |
| Nombre del editor, distribuidor, etc. | Gius. Laterza & Figli, |
| Fecha de publicación, distribución, etc. | 1913. |
| 300 ## - DESCRIPCIÓN FÍSICA | |
| Extensión | 400 p. ; |
| Dimensiones | 21 cm. |
| 490 1# - MENCIÓN DE SERIE | |
| Mención de serie | Scrittori d'Italia ; |
| Designación de volumen o secuencia | 47 |
| 505 8# - NOTA DE CONTENIDO CON FORMATO | |
| Nota de contenido con formato | Contiene: L'alitinonfo / di Gasparo Scaruffi Regiano -- Breve trattato delle cause che possono far abbondare li regni d'oro e argento dove non sono miniere / di Antonio Serra -- La zecca in consulta di stato / Geminiano Montanari |
| 700 1# - ENTRADA AGREGADA--NOMBRE PERSONAL | |
| Nombre de persona | Graziani, Augusto. |
| 9 (RLIN) | 127548 |
| 700 1# - ENTRADA AGREGADA--NOMBRE PERSONAL | |
| Nombre de persona | Scaruffi Regiano, Gasparo. |
| 9 (RLIN) | 154725 |
| 700 1# - ENTRADA AGREGADA--NOMBRE PERSONAL | |
| Nombre de persona | Serra, Antonio, |
| Fechas asociadas al nombre | S.XVII |
| Títulos y otros términos asociados al nombre | (economista) |
| 9 (RLIN) | 154726 |
| 700 1# - ENTRADA AGREGADA--NOMBRE PERSONAL | |
| Nombre de persona | Montanari, Geminiano, |
| Fechas asociadas al nombre | 1633-1687 |
| 9 (RLIN) | 154727 |
| 830 00 - PUNTO DE ACCESO ADICIONAL DE SERIE-TÍTULO UNIFORME | |
| Título uniforme | Scrittori d'Italia |
| Designación de volumen o secuencia | 47 |
| 9 (RLIN) | 191925 |
| 852 ## - LOCALIZACIÓN | |
| Ubicación | ES-MaACL |
| Número de control de estantería | G-3748 |
| Estatus retirado | Estado de pérdida | Estado de daño | No para préstamo | Biblioteca de origen | Biblioteca actual | Ubicación en estantería | Fecha de adquisición | Fuente de adquisición | Total de préstamos | Signatura topográfica completa | Código de barras | Visto por última vez | Precio de reemplazo | Tipo de ítem Koha |
|---|---|---|---|---|---|---|---|---|---|---|---|---|---|---|
| Biblioteca del Ateneo de Madrid | Biblioteca del Ateneo de Madrid | Depósito 2 | 15/04/2014 | G-3748 | 1192775 | 23/02/2023 | 23/02/2023 | Libro impreso |
